Текст томруулах:    
Principles of Managerial Finance (Бичлэгийн дугаар. 145641)
000 -УДИРДЛАГА
Удирдлага 00875 a2200301 4500
003 - ХЯНАЛТЫН ТОО ТОДОРХОЙЛОГЧ
Код MN-UlNUM
005 - БИЧИЛТ ХИЙСЭН ОГНОО
Тухайн бичилтийг бичсэн засварласан сүүлийн огноо 20251117140215.0
008 - ЕРӨНХИЙ МЭДЭЭЛЭЛ
Ерөнхий мэдээлэл 110605s2000 nyu| 001 ||eng |
020 ## - ISBN
ISBN 0321060814
040 ## - БИЧЛЭГ ҮҮСГЭГЧ БАЙГУУЛЛАГА
Бичлэг үүсгэгч номын сангийн код МУИС-ийн номын сан
084 ## - ББК АНГИЛАЛ
ББК ангилал 658
Зохиогчийн гурван тэмдэгт G 49
Нэмэлт тусгалт Сурах бичиг
Мэдлэгийн ялгаа 65 - Эдийн засаг
100 ## - ЗОХИОГЧ
Зохиогчийн нэр Gitman, Lawrence J
245 10 - ҮНДСЭН ГАРЧИГ
Номын нэр Principles of Managerial Finance
Бага гарчгийн мэдээ brief
Оролцогчдын тухай мэдээ Lawrence J. Gitman.
250 ## - ДАХИН ХЭВЛЭЛТ
Дахин гаралтын дугаар 2nd ed.
260 ## - ГАРАЛТЫН МЭДЭЭ
Хэвлэгдсэн он 2000
Хэвлэгдсэн газар New York
Хэвлэлийн газар Harper Collins Publishers
300 ## - МАТЕРИАЛЫН ТОДОРХОЙЛОЛТ
хуудасны тоо 593p.:
Хэмжээ 26 cm. +
Дагалдах материал 1 CD-ROM (4/3/4 in.).
500 ## - Тайлбар
Дансны дугаар БС 2206
546 ## - ХЭЛНИЙ ТУХАЙ МЭДЭЭ
Хэл Англи хэл дээр,
653 ## - Түлхүүр үг
Түлхүүр үг corporations
653 ## - Түлхүүр үг
Түлхүүр үг finance
653 ## - Түлхүүр үг
Түлхүүр үг business enterprises
740 ## - НОМЫН ГАРЧИГ
Гарчиг Introduction to managerial finance
740 ## - НОМЫН ГАРЧИГ
Гарчиг Important financial concepts
740 ## - НОМЫН ГАРЧИГ
Гарчиг Long-Term investment decisions
740 ## - НОМЫН ГАРЧИГ
Гарчиг Long-Term financial decisions
942 ## - ЭЛЕМЕНТИЙН ТӨРӨЛ
Зүйлийн төрөл Ном